[Event "Itzehoe op 3rd"]
[Site "Itzehoe"]
[Date "2024.05.11"]
[Round "5"]
[White "Thomsen, Flemming"]
[Black "Stolzenwald, Frank"]
[Result "1-0"]
[WhiteElo "1727"]
[BlackElo "1582"]
[PlyCount "41"]
[EventDate "2024.05.09"]
[EventType "swiss"]
[EventRounds "7"]
[EventCountry "GER"]
[SourceTitle "CB21_2024"]
[SourceDate "2024.05.22"]
[SourceVersion "1"]
[SourceVersionDate "2024.05.22"]
[SourceQuality "1"]

1. d4 d5 2. c4 c5 3. dxc5 dxc4 4. Qxd8+ Kxd8 5. e4 e6 6. Be3 Na6 7. Nc3 Bxc5 8. 0-0-0+ Ke7 9. Bxc5+ Nxc5 10. Bxc4 a6 11. b4 Nd7 12. f3 b5 13. Bb3 Nb6 14. Nge2 Nh6 15. Nf4 Bb7 16. Nd3 Nd7 17. Kb2 Rhc8 18. Rc1 Rc7 19. Nd5+ exd5 20. Rxc7 dxe4 21. Nc5 1-0

[Event "Itzehoe op 3rd"]
[Site "Itzehoe"]
[Date "2024.05.10"]
[Round "3"]
[White "Margaryan, Susanna"]
[Black "Stolzenwald, Frank"]
[Result "1-0"]
[WhiteElo "1739"]
[BlackElo "1582"]
[PlyCount "29"]
[EventDate "2024.05.09"]
[EventType "swiss"]
[EventRounds "7"]
[EventCountry "GER"]
[SourceTitle "CB21_2024"]
[SourceDate "2024.05.22"]
[SourceVersion "1"]
[SourceVersionDate "2024.05.22"]
[SourceQuality "1"]

1. e4 e5 2. Nf3 Nf6 3. Nc3 Bb4 4. d3 d6 5. Bg5 Nbd7 6. Be2 h6 7. Bh4 g5 8. Bg3 c5 9. a3 Ba5 10. Nd2 a6 11. Nc4 Bc7 12. Ne3 b5 13. h4 Nh7 14. Nf5 Qf6 15. Nd5 1-0

[Event "Hamburg-chA"]
[Site "Hamburg"]
[Date "2018.05.27"]
[Round "7"]
[White "Stolzenwald, Frank"]
[Black "Stepien, Tomasz"]
[Result "0-1"]
[WhiteElo "1361"]
[BlackElo "1578"]
[PlyCount "60"]
[EventDate "2018.05.19"]
[EventType "swiss"]
[EventRounds "7"]
[EventCountry "GER"]
[SourceTitle "EXT 2020"]
[Source "ChessBase"]
[SourceDate "2019.10.17"]
[SourceVersion "1"]
[SourceVersionDate "2019.10.17"]
[SourceQuality "1"]

1. b4 d5 2. Bb2 Nf6 3. h3 e6 4. b5 Be7 5. a4 c6 6. e3 0-0 7. c4 cxb5 8. axb5 b6 9. Ba3 Bb7 10. Bxe7 Qxe7 11. cxd5 Bxd5 12. Nc3 Bb7 13. Nf3 Nbd7 14. d4 Rac8 15. Ne2 Ne4 16. Ng3 Qb4+ 17. Nd2 Nxg3 18. fxg3 Nf6 19. Kf2 Ne4+ 20. Nxe4 Bxe4 21. Bd3 Bxd3 22. Qxd3 Qb2+ 23. Qe2 Rc2 24. Rae1 Rxe2+ 25. Rxe2 Qxb5 26. Rc1 Qf5+ 27. Kg1 h5 28. Kh2 b5 29. Rc5 Qd3 30. Rb2 a6 0-1

[Event "Pinneberg-ch"]
[Site "Pinneberg"]
[Date "2017.10.12"]
[Round "6"]
[White "Schalk, Edgar"]
[Black "Stolzenwald, Frank"]
[Result "0-1"]
[WhiteElo "886"]
[BlackElo "1239"]
[PlyCount "79"]
[EventDate "2017.09.07"]
[EventType "swiss"]
[EventRounds "7"]
[EventCountry "GER"]
[SourceTitle "EXT 2019"]
[Source "ChessBase"]
[SourceDate "2018.10.10"]
[SourceVersion "1"]
[SourceVersionDate "2018.10.10"]
[SourceQuality "1"]

1. e4 c5 2. Nc3 a6 3. Nf3 d6 4. Bc4 Bg4 5. d3 e6 6. h3 Bxf3 7. gxf3 Nc6 8. Be3 Be7 9. f4 b5 10. Qg4 Bf6 11. Bxb5 Bxc3+ 12. bxc3 axb5 13. Qxg7 Qf6 14. Rg1 Qxg7 15. Rxg7 Nf6 16. d4 cxd4 17. cxd4 Rg8 18. Rg5 Rxg5 19. fxg5 Nd7 20. c3 Na5 21. a4 Nc4 22. Ke2 Rxa4 23. Rb1 Ra2+ 24. Kd1 Rb2 25. Kc1 Rxb1+ 26. Kxb1 Nxe3 27. fxe3 e5 28. Kb2 f6 29. g6 hxg6 30. Kb3 Nb6 31. Kb4 Nc4 32. Kxb5 Nxe3 33. dxe5 dxe5 34. c4 Nxc4 35. Kxc4 Kd7 36. Kd3 g5 37. Ke3 Ke6 38. Kf3 f5 39. exf5+ Kxf5 40. Ke3 0-1

[Event "Hamburg-chB"]
[Site "Hamburg"]
[Date "2017.06.10"]
[Round "6"]
[White "Stolzenwald, Frank"]
[Black "Chau, Jason"]
[Result "1/2-1/2"]
[WhiteElo "1230"]
[BlackElo "1121"]
[PlyCount "25"]
[EventDate "2017.06.03"]
[EventType "swiss"]
[EventRounds "6"]
[EventCountry "GER"]
[SourceTitle "CBM 179 Extra"]
[Source "ChessBase"]
[SourceDate "2017.08.23"]
[SourceVersion "1"]
[SourceVersionDate "2017.08.23"]
[SourceQuality "1"]

1. Nf3 d5 2. d4 Nf6 3. Nc3 Nc6 4. Bg5 e6 5. Bxf6 Qxf6 6. e3 a6 7. a3 Bd6 8. b4 Ne7 9. e4 Bf4 10. e5 Qg6 11. g3 Bh6 12. Bd3 f5 13. Nh4 1/2-1/2

[Event "Lueneburg op-B"]
[Site "Lueneburg"]
[Date "2015.08.21"]
[Round "7"]
[White "Stolzenwald, Frank"]
[Black "Groth, Matthias"]
[Result "0-1"]
[WhiteElo "1627"]
[BlackElo "1710"]
[PlyCount "80"]
[EventDate "2015.08.15"]
[EventType "swiss"]
[EventRounds "9"]
[EventCountry "GER"]
[SourceTitle "EXT 2016"]
[Source "ChessBase"]
[SourceDate "2015.10.08"]
[SourceVersion "1"]
[SourceVersionDate "2015.10.08"]
[SourceQuality "1"]

1. b4 e5 2. b5 d5 3. Bb2 Bd6 4. g3 a6 5. a4 axb5 6. axb5 Rxa1 7. Bxa1 Nf6 8. e3 Be6 9. f4 Nbd7 10. Bh3 Qa8 11. Bxe6 fxe6 12. Bxe5 Bxe5 13. fxe5 Nxe5 14. Nf3 Nxf3+ 15. Qxf3 Qa2 16. Qd1 Qc4 17. Nc3 0-0 18. Qe2 Qxe2+ 19. Kxe2 Ra8 20. Rb1 Kf7 21. h3 Ke7 22. Rb4 Ra1 23. Rb1 Rxb1 24. Nxb1 Kd6 25. d4 Ne4 26. g4 e5 27. h4 Ke6 28. c3 Nd6 29. Na3 e4 30. Kf2 h5 31. Kg3 hxg4 32. Kxg4 Nf5 33. Nc2 Nd6 34. Na3 Kf6 35. h5 b6 36. Nc2 Nxb5 37. c4 dxc4 38. Kf4 Nd6 39. Nb4 Ke6 40. d5+ Kf6 0-1

[Event "Lueneburg op-B"]
[Site "Lueneburg"]
[Date "2015.08.20"]
[Round "6"]
[White "Lick, Helmut"]
[Black "Stolzenwald, Frank"]
[Result "1-0"]
[WhiteElo "1722"]
[BlackElo "1627"]
[PlyCount "119"]
[EventDate "2015.08.15"]
[EventType "swiss"]
[EventRounds "9"]
[EventCountry "GER"]
[SourceTitle "EXT 2016"]
[Source "ChessBase"]
[SourceDate "2015.10.08"]
[SourceVersion "1"]
[SourceVersionDate "2015.10.08"]
[SourceQuality "1"]

1. e4 e5 2. Nf3 Nf6 3. Nc3 Bb4 4. d3 d6 5. Be2 c6 6. 0-0 b5 7. a3 Ba5 8. Bg5 Nbd7 9. d4 h6 10. Bxf6 gxf6 11. dxe5 Nxe5 12. Nxe5 dxe5 13. Qxd8+ Kxd8 14. Bh5 Ke7 15. Ne2 Rg8 16. Ng3 Bg4 17. Bxg4 Rxg4 18. Rad1 Rd8 19. Rxd8 Bxd8 20. Rd1 Bb6 21. Kf1 Ke6 22. c3 h5 23. h3 Rg5 24. Nf5 Bc7 25. h4 Rg8 26. g3 a5 27. Ke2 a4 28. Rd3 Bb8 29. Kf3 Bc7 30. Kg2 Bb8 31. Kh3 Rg4 32. f3 Rg8 33. g4 hxg4+ 34. fxg4 Bc7 35. Ne3 Rd8 36. Rxd8 Bxd8 37. c4 Ba5 38. cxb5 cxb5 39. h5 Bd2 40. Nd1 Kd6 41. Kg3 Kc5 42. Kf3 Kc4 43. Ne3+ Kb3 44. h6 Kxb2 45. h7 Kxa3 46. h8Q Bxe3 47. Kxe3 Kb3 48. Qh1 Ka2 49. Qg2+ Ka3 50. Qc2 f5 51. Qc3+ Ka2 52. exf5 f6 53. Qb4 a3 54. Ke4 Ka1 55. Qxa3+ Kb1 56. Qb4+ Kc2 57. Qxb5 Kc3 58. Qc5+ Kd2 59. Qe3+ Kc2 60. Qa3 1-0

[Event "Kiel op-B 28th"]
[Site "Kiel"]
[Date "2015.07.27"]
[Round "5"]
[White "Arndt, Magnus"]
[Black "Stolzenwald, Frank"]
[Result "1-0"]
[WhiteElo "1587"]
[BlackElo "1639"]
[PlyCount "81"]
[EventDate "2015.07.25"]
[EventType "swiss"]
[EventRounds "9"]
[EventCountry "GER"]
[SourceTitle "EXT 2017"]
[Source "ChessBase"]
[SourceDate "2016.10.25"]
[SourceVersion "1"]
[SourceVersionDate "2016.10.25"]
[SourceQuality "1"]

1. e4 e5 2. Nf3 d6 3. d4 exd4 4. Nxd4 Nc6 5. Nxc6 bxc6 6. Nc3 Nf6 7. Bc4 Be6 8. Bxe6 fxe6 9. 0-0 Be7 10. e5 dxe5 11. Qe2 e4 12. Rd1 Qc8 13. Nxe4 Nxe4 14. Qxe4 c5 15. Qc6+ Kf7 16. Bf4 Rd8 17. Bxc7 Rxd1+ 18. Rxd1 a5 19. Qf3+ Kg8 20. Be5 Ra7 21. Bd6 Bxd6 22. Rxd6 Ra6 23. Qd3 Rxd6 24. Qxd6 Kf7 25. h3 c4 26. Qf4+ Kg8 27. Qd2 Qc5 28. Qd7 Kf8 29. Qxe6 Qd4 30. Qf5+ Kg8 31. Qxa5 Qd1+ 32. Kh2 Qxc2 33. Qc3 Qd3 34. a4 Qd6+ 35. g3 Qc5 36. Qe3 Qc6 37. a5 h6 38. Qb6 Qd5 39. a6 Kh7 40. Qb7 Qc5 41. Kg2 1-0

[Event "Kiel op-B 28th"]
[Site "Kiel"]
[Date "2015.07.25"]
[Round "1"]
[White "Kaminski, Thorsten"]
[Black "Stolzenwald, Frank"]
[Result "0-1"]
[WhiteElo "1300"]
[BlackElo "1639"]
[PlyCount "100"]
[EventDate "2015.07.25"]
[EventType "swiss"]
[EventRounds "9"]
[EventCountry "GER"]
[SourceTitle "EXT 2017"]
[Source "ChessBase"]
[SourceDate "2016.10.25"]
[SourceVersion "1"]
[SourceVersionDate "2016.10.25"]
[SourceQuality "1"]

1. e4 e5 2. Nf3 d6 3. Bb5+ Bd7 4. Bxd7+ Nxd7 5. Nc3 c6 6. d3 Be7 7. Be3 h6 8. 0-0 a6 9. Nd2 g5 10. Nc4 b5 11. Nd2 Nb6 12. Ne2 Nf6 13. h3 Nfd7 14. Ng3 d5 15. Nf5 h5 16. Ng7+ Kf8 17. Nf5 d4 18. Nf3 dxe3 19. fxe3 g4 20. Nh2 gxh3 21. gxh3 Bh4 22. Nf3 Bg5 23. Qe1 Rg8 24. Kh1 Nc8 25. Rg1 Bf6 26. Nh6 Rg6 27. Nf5 Ne7 28. Qf2 Nxf5 29. exf5 Rxg1+ 30. Rxg1 Ke7 31. e4 Qb6 32. Qd2 Rh8 33. Ng5 a5 34. h4 c5 35. c4 b4 36. b3 Qd6 37. Nf3 Nb6 38. Kh2 a4 39. Kh3 a3 40. Ne1 Qd8 41. Qg2 Nc8 42. Qf3 Kd6 43. Qf2 Ne7 44. Nf3 Kc6 45. Qd2 Qd7 46. Qe2 Nxf5 47. Nxe5+ Bxe5 48. exf5 Qxf5+ 49. Kg2 Rg8+ 50. Kh1 Qh3+ 0-1

[Event "Hamburg-ch MB"]
[Site "Hamburg"]
[Date "2015.05.25"]
[Round "3"]
[White "Stolzenwald, Frank"]
[Black "Opasiak, Dustin Tennessee"]
[Result "0-1"]
[WhiteElo "1704"]
[BlackElo "1735"]
[PlyCount "38"]
[EventDate "2015.05.23"]
[EventType "swiss"]
[EventRounds "9"]
[EventCountry "GER"]
[SourceTitle "EXT 2022"]
[Source "ChessBase"]
[SourceDate "2021.10.06"]
[SourceVersion "1"]
[SourceVersionDate "2021.10.06"]
[SourceQuality "1"]

1. b4 Nf6 2. Bb2 d5 3. a4 g6 4. h3 Bg7 5. Nf3 0-0 6. e3 c6 7. c4 Re8 8. Na3 Nbd7 9. d4 Ne4 10. c5 e5 11. Bd3 exd4 12. Bxd4 Bxd4 13. Nxd4 Qh4 14. Bxe4 Qxe4 15. 0-0 Ne5 16. Qc2 Nd3 17. b5 Re5 18. Rad1 Bxh3 19. Nf3 Rg5 0-1

[Event "Kiel op-B 27th"]
[Site "Kiel"]
[Date "2014.08.03"]
[Round "3"]
[White "Gutschenreiter, Donato"]
[Black "Stolzenwald, Frank"]
[Result "1/2-1/2"]
[WhiteElo "1392"]
[BlackElo "1628"]
[PlyCount "51"]
[EventDate "2014.08.02"]
[EventType "swiss"]
[EventRounds "9"]
[EventCountry "GER"]
[SourceTitle "CBM 161 Extra"]
[Source "ChessBase"]
[SourceDate "2014.08.29"]
[SourceVersion "1"]
[SourceVersionDate "2014.08.29"]
[SourceQuality "1"]

1. e4 c5 2. Nf3 Nc6 3. Bb5 a6 4. Bxc6 dxc6 5. 0-0 g6 6. h3 Bg7 7. d3 Qb6 8. Nc3 Be6 9. a3 Rd8 10. Qe2 Nf6 11. Rb1 0-0 12. Ng5 Ne8 13. Nxe6 fxe6 14. Na4 Qa7 15. Be3 Bd4 16. b3 Nc7 17. Bxd4 cxd4 18. Nb2 Nb5 19. Qg4 Nc7 20. f4 Qc5 21. Nc4 Rf6 22. Qg5 Qxg5 23. fxg5 Rxf1+ 24. Rxf1 Rf8 25. Rxf8+ Kxf8 26. a4 1/2-1/2

[Event "Hamburg St Pauli op-B"]
[Site "Hamburg"]
[Date "2014.07.26"]
[Round "8"]
[White "Stolzenwald, Frank"]
[Black "Muenstermann, Claudia"]
[Result "0-1"]
[WhiteElo "1600"]
[BlackElo "1773"]
[PlyCount "44"]
[EventDate "2014.07.19"]
[EventType "swiss"]
[EventRounds "9"]
[EventCountry "GER"]
[SourceTitle "CBM 161 Extra"]
[Source "ChessBase"]
[SourceDate "2014.08.29"]
[SourceVersion "1"]
[SourceVersionDate "2014.08.29"]
[SourceQuality "1"]

1. b3 e5 2. Bb2 Nc6 3. e4 Nf6 4. Bd3 Bc5 5. h3 0-0 6. a4 Re8 7. c3 d5 8. Qc2 Be6 9. f3 a6 10. b4 Bf8 11. g4 d4 12. Ne2 dxc3 13. dxc3 Bxb4 14. Nd2 Bc5 15. Bc4 Qe7 16. Qb3 Na5 17. Qa2 Nxc4 18. Nxc4 Nd7 19. a5 b5 20. axb6 Nxb6 21. Nxb6 Bxa2 22. Nxa8 Bc4 0-1

[Event "Hamburg St Pauli op-B"]
[Site "Hamburg"]
[Date "2013.07.07"]
[Round "2"]
[White "Stolzenwald, Frank"]
[Black "Hippen, Michael"]
[Result "0-1"]
[WhiteElo "1565"]
[BlackElo "1773"]
[PlyCount "42"]
[EventDate "2013.07.06"]
[EventType "swiss"]
[EventRounds "9"]
[EventCountry "GER"]
[SourceTitle "EXT 2014"]
[Source "ChessBase"]
[SourceDate "2013.11.20"]
[SourceVersion "1"]
[SourceVersionDate "2013.11.20"]
[SourceQuality "1"]

1. b4 Nf6 2. Bb2 g6 3. e3 Bg7 4. Be2 0-0 5. c4 b6 6. f4 Bb7 7. Bf3 Nc6 8. a3 d6 9. b5 Na5 10. Bxb7 Nxb7 11. d4 d5 12. Qf3 e6 13. h3 Nd6 14. Nd2 Nfe4 15. cxd5 Nxd2 16. Kxd2 Nc4+ 17. Kc3 exd5 18. Rd1 Re8 19. Rd3 a6 20. a4 axb5 21. axb5 Ra2 0-1

[Event "Hamburg-ch A-Klasse"]
[Site "Hamburg"]
[Date "2013.05.25"]
[Round "8"]
[White "Chaichi Tehrani, Fereydoon"]
[Black "Stolzenwald, Frank"]
[Result "1-0"]
[WhiteElo "1350"]
[BlackElo "1524"]
[PlyCount "67"]
[EventDate "2013.05.18"]
[EventType "swiss"]
[EventRounds "9"]
[EventCountry "GER"]
[SourceTitle "EXT 2022"]
[Source "ChessBase"]
[SourceDate "2021.10.06"]
[SourceVersion "1"]
[SourceVersionDate "2021.10.06"]
[SourceQuality "1"]

1. e4 e5 2. Nf3 Nf6 3. Nc3 Nc6 4. Bc4 Bb4 5. d3 Bxc3+ 6. bxc3 Na5 7. Bb3 Nxb3 8. cxb3 d6 9. Bg5 Bg4 10. h3 Bh5 11. g4 Bg6 12. h4 h6 13. Bxf6 Qxf6 14. Qe2 Qf4 15. g5 0-0-0 16. gxh6 Rxh6 17. Qe3 Qxe3+ 18. fxe3 Bh5 19. Ng5 f6 20. Ne6 Rg8 21. Rg1 Rg6 22. Kf2 Kd7 23. Rxg6 Bxg6 24. Rg1 Bf7 25. Nxg7 c5 26. Nf5 b5 27. Rxg8 Bxg8 28. h5 Ke6 29. Ng7+ Kf7 30. h6 Kg6 31. Ne8 d5 32. exd5 Kxh6 33. Nxf6 Kg6 34. Nxg8 1-0